00317nam a2200133Ia 45000030006000000080041000060400015000471000032000622450031000942500011001252600018001365460012001540050017001660STCL150530s9999 xx 000 0 und d aSTCLcSTCL aShukla, R.S.; Chandel, P.S. aCytogenetics and evolution aSecond bS.Chandc1977 aEnglish20220125170435.0